Statistics for Tom Clancy’s Rainbow Six Siege Operators

Click here to take the quiz!

General Stats

  • This quiz has been taken 404 times
    (336 since last reset)
  • The average score is 45 of 65

Answer Stats

NationalityCTUOperator% Correct
USAFBI SWATAsh
91%
UK (England)SASSmoke
90%
GERMANYGSG 9Jäger
89%
UK (England)SASMute
89%
UK (Scotland)SASSledge
88%
FRANCEGIGNDoc
87%
UK (England)SASThatcher
87%
GERMANYGSG 9Blitz
86%
FRANCEGIGNRook
86%
RUSSIASPETSNAZKapkan
84%
RUSSIASPETSNAZTachanka
84%
USAFBI SWATThermite
84%
FRANCEGIGNTwitch
84%
RUSSIASPETSNAZFuze
83%
CANADAJTF2Buck
82%
USAFBI SWATCastle
82%
FRANCEGIGNMontagne
82%
CANADAJTF2Frost
81%
RUSSIASPETSNAZGlaz
81%
GERMANYGSG 9IQ
81%
USAFBI SWATPulse
81%
GERMANYGSG 9Bandit
79%
JAPANSATEcho
79%
USANavy SEALsBlackbeard
76%
BRAZILBOPECaveira
75%
SPAINGEOMira
74%
SOUTH KOREA707th SMBVigil
74%
BRAZILBOPECapitão
73%
JAPANSATHibana
73%
USANavy SEALsValkyrie
73%
POLANDGROMEla
72%
SPAINGEOJackal
71%
FRANCECBRN Threat UnitLion
71%
AUSTRALIASASRMozzie
71%
POLANDGROMZofia
71%
ITALYGISAlibi
68%
SOUTH KOREA707th SMBDokkaebi
68%
RUSSIACBRN Threat UnitFinka
68%
CHINA (Hong Kong)SDULesion
68%
CHINA (Hong Kong)SDUYing
66%
UK (England)GSUTRClash
65%
AUSTRALIASASRGridlock
65%
MOROCCOGIGRKaid
64%
INDIANighthavenKali
64%
ITALYGISMaestro
64%
KENYANighthavenWamai
62%
NORWAYNighthavenAce
61%
MOROCCOGIGRNomad
60%
NETHERLANDSREUIana
57%
USAGSUTRMaverick
57%
DENMARKJægerkorpsetNøkk
57%
USASecret ServiceWarden
57%
MEXICOFESGoyo
55%
CROATIANighthavenOsa
55%
JAPANUnaffiliatedAzami
53%
JORDANUnaffiliatedOryx
53%
PERUAPCAAmaru
52%
SOUTH AFRICAInkaba Task ForceMelusi
52%
BELGIUMSFGSens
48%
SINGAPORENighthavenGrim
47%
THAILANDNighthavenAruni
46%
ARGENTINAFBI/UnaffiliatedFlores
46%
CANADA
(Nakoda Territories)
Star-Net AviationThunderbird
46%
IRELANDEmergency Response UnitThorn
45%
USAROSZero
42%

Score Distribution

Percentile by Number Answered

Percent of People with Each Score

Your Score History

You have not taken this quiz since the last reset